|
|
|
|
| LEADER |
00000cam a2200000 7i4500 |
| 001 |
0000082402 |
| 005 |
20190123.0 |
| 008 |
190123 |
| 020 |
|
|
|a 9789671362143
|
| 041 |
0 |
|
|a Malay
|
| 090 |
0 |
0 |
|a 297.74
|b BUK
|
| 245 |
0 |
0 |
|a Bukan mujahid plastik
|c Hafizi Bin Abdul Aziz, Wan Ahmad Afiq Bin Wan Zaidi
|
| 260 |
|
|
|a Perak :
|b Synergy Media Plt ,
|c 2016
|
| 300 |
|
|
|a 152p. :
|b col.ill. ;
|c 20.3cm.
|
| 490 |
0 |
|
|a Siri travelog tarbiah 1.0
|
| 541 |
0 |
0 |
|c Purchased on 2018
|f 10/2018 PDI
|h RM26.00
|
| 650 |
|
0 |
|a Da'wah (Islam)
|x Islamic education
|
| 700 |
0 |
|
|a Wan Ahmad Afiq Bin Wan Zaidi
|
| 999 |
|
|
|a 0001540477
|b Book
|c Adult Collection
|e Cawangan Taman Universiti
|
| 999 |
|
|
|a 0001540478
|b Book
|c Adult Collection
|e Cawangan Bandar Tenggara
|
| 999 |
|
|
|a 0001540479
|b Book
|c Adult Collection
|e Cawangan Tangkak
|
| 999 |
|
|
|a 0001540480
|b Book
|c Adult Collection
|e Cawangan Batu Pahat
|
| 999 |
|
|
|a 0001540481
|b Book
|c Adult Collection
|e Cawangan Kota Tinggi
|
| 999 |
|
|
|a 0001540482
|b Book
|c Adult Collection
|e Cawangan Bandar Penawar
|
| 999 |
|
|
|a 0001540483
|b Book
|c Adult Collection
|e Cawangan Taman Sri Lambak
|
| 999 |
|
|
|a 0001540484
|b Book
|c Adult Collection
|e Cawangan Mersing
|
| 999 |
|
|
|a 0001540485
|b Book
|c Adult Collection
|e Cawangan Muar
|
| 999 |
|
|
|a 0001540486
|b Book
|c Adult Collection
|e Cawangan Pontian
|
| 999 |
|
|
|a 0001540488
|b Book
|c Adult Collection
|e Cawangan Bukit Gambir
|
| 999 |
|
|
|a 0001540489
|b Book
|c Adult Collection
|e Cawangan Segamat
|
| 999 |
|
|
|a 0001540490
|b Book
|c Adult Collection
|e Cawangan Tmn. Ungku Tun Aminah
|
| 999 |
|
|
|a 0001540513
|b Book
|c Adult Collection
|e Perbadanan Perpustakaan Awam Johor
|
| 999 |
|
|
|a 0001540514
|b Book
|c Adult Collection
|e Cawangan Urban Transformation Centre
|
| 999 |
|
|
|a 0001540515
|b Book
|c Adult Collection
|e Cawangan AEON Kulaijaya
|
| 999 |
|
|
|a 0001701383
|b Book
|c Adult Collection
|e Cawangan Sri Merlong
|